书目信息 |
| 题名: |
常用古今字通假字字典
|
|
| 作者: | 贾延柱 编著 | |
| 分册: | ||
| 出版信息: | 沈阳 辽宁人民出版社 1988.10 |
|
| 页数: | 518页 | |
| 开本: | 19厘米 | |
| 丛书名: | ||
| 单 册: | ||
| 中图分类: | H124.3-61 | |
| 科图分类: | ||
| 主题词: | 汉字--文字学 | |
| 电子资源: | ||
| ISBN: | 7-205-00674-0 | |
| 000 | 00659nam0 2200229 45 | |
| 001 | 0189029538 | |
| 005 | 20040421110147.2 | |
| 010 | @a7-205-00674-0@dCNY4.95 | |
| 020 | @aCN@b89029538 | |
| 100 | @a19911017d1988 m y0chiy0120 ea | |
| 101 | 0 | @achi |
| 102 | @aCN@b210000 | |
| 105 | @ay e 001yy | |
| 106 | @ar | |
| 200 | 10 | @a常用古今字通假字字典@Achang yong gu jin zi tong jia zi zi dian@f贾延柱编著@Fjia yan zhu bian zhu |
| 210 | @a沈阳@c辽宁人民出版社@d1988.10 | |
| 215 | @a518页@d19厘米 | |
| 606 | 0 | @a汉字@x文字学 |
| 690 | @aH124.3-61 | |
| 701 | 0 | @a贾延柱@Ajia yan zhu@4编著 |
| 801 | 0 | @aCN@bNLC@c19911017 |
| 905 | @f2@b215494-495@dH124.3-61@e53 | |
| 常用古今字通假字字典/贾延柱编著.-沈阳:辽宁人民出版社,1988.10 |
| 518页;19厘米 |
| ISBN 7-205-00674-0:CNY4.95 |
| ● |
| 相关链接 |
|
|
|
|
正题名:常用古今字通假字字典
索取号:H124.3-61/53
 
预约/预借
| 序号 | 登录号 | 条形码 | 馆藏地/架位号 | 状态 | 备注 |
| 1 | 0215494 | 000834627 | 第四借阅区/ [索取号:H124.3-61/53] | 在馆 | |
| 2 | 0215495 | 000834618 | 第四借阅区/ [索取号:H124.3-61/53] | 在馆 | |
| 3 | 0215496 | 202078081 | 第二样本阅览室/ [索取号:H124.3-61/53] | 在馆 |